Диагностика топливной аппаратуры дизельных двигателей с применением оптоэлектронных средств; Электронные приборы, системы и технологии

Bibliographic Details
Parent link:Электронные приборы, системы и технологии.— 2012.— C. 83-85
Main Author: Порубов Д. А.
Other Authors: Шадрин М. Г. (научный руководитель), Евтушенко Г. С. Геннадий Сергеевич, Корнев В. А.
Language:Russian
Published: 2012
Series:Оптоэлектронная, лазерная и ультразвуковая техника
Subjects:
Format: Book Chapter
KOHA link:https://koha.lib.tpu.ru/cgi-bin/koha/opac-detail.pl?biblionumber=253114

MARC

LEADER 00000naa2a2200000 4500
001 253114
005 20231031214225.0
035 |a (RuTPU)RU\TPU\book\275498 
035 |a RU\TPU\book\275352 
090 |a 253114 
100 |a 20140311d2012 k y0rusy50 ca 
101 0 |a rus 
102 |a RU 
200 1 |a Диагностика топливной аппаратуры дизельных двигателей с применением оптоэлектронных средств  |f Д. А. Порубов, М. Г. Шадрин  |g науч. рук. Г. С. Евтушенко ; науч. рук. В. А. Корнев 
225 1 |a Оптоэлектронная, лазерная и ультразвуковая техника 
320 |a Библиогр.: с. 85 (3 назв.) 
463 1 |0 (RuTPU)RU\TPU\book\269457  |t Электронные приборы, системы и технологии  |o сборник научных трудов II Всероссийской научно-практической конференции студентов, аспирантов и молодых ученых, Томск, 22-27 октября 2012 г.  |f Национальный исследовательский Томский политехнический университет (ТПУ)  |v C. 83-85  |d 2012  |p 151 с. 
610 1 |a труды учёных ТПУ 
610 1 |a диагностика 
610 1 |a топливная аппаратура 
610 1 |a дизельные двигатели 
610 1 |a оптоэлектронные средства 
610 1 |a топливо 
610 1 |a фотодиоды 
700 1 |a Порубов  |b Д. А. 
701 1 |a Шадрин  |b М. Г. 
702 1 |a Евтушенко  |b Г. С.  |c российский специалист в области электрофизики  |c профессор Томского политехнического университета, доктор технических наук  |f 1947-  |g Геннадий Сергеевич  |2 stltpush  |3 (RuTPU)RU\TPU\pers\21960  |4 727 
702 1 |a Корнев  |b В. А.  |4 727 
801 1 |a RU  |b 63413507  |c 20140227 
801 2 |a RU  |b 63413507  |c 20140311  |g RCR 
942 |c BK